Statistics for Yiddish Loan Words

Click here to take the quiz!

General Stats

  • This quiz has been taken 287 times
  • The average score is 9 of 21

Answer Stats

HintWord% Correct
Jewish law regarding foodKosher
85%
Clumsy personKlutz
78%
Non-Jewish personGoy
77%
"Oh my goodness!"Oy vey
62%
Smoked salmonLox
60%
Honorable personMensch
58%
AudacityChutzpah
56%
Magical being made of clayGolem
54%
Haul something on a tedious journeySchlep
50%
Big noseSchnoz
48%
To spread cream cheeseSchmear
47%
Complain incessantlyKvetch
44%
To snackNosh
42%
Chicken fatSchmaltz
32%
PenisSchmuck
32%
Schlong
28%
A small malfunctionGlitch
24%
Express great prideKvell
21%
To converse casuallySchmooze
20%
Absolutely nothingBupkis
16%
ExpertMaven
13%

Score Distribution

Percentile by Number Answered

Percent of People with Each Score

Your Score History

You have not taken this quiz